| 000 | 00538nam a22001457a 4500 | ||
|---|---|---|---|
| 005 | 20120206140837.0 | ||
| 020 |
_a8120317955 _c495.00 |
||
| 035 | _aB-41341 | ||
| 100 |
_aHalvorson, Michael _940920 |
||
| 245 |
_aLearn Microsoft visual basic 6.0 now / _cby Michael Halvorson |
||
| 260 |
_aNew Delhi _bPrentice-Hall of India _c2001 |
||
| 300 |
_axi, 536p. _c22 cms. |
||
| 942 |
_2ddc _cEN _h005.1 _mHAL |
||
| 999 |
_c62041 _d62041 |
||